| 000 | 00534nam a2200181Ia 4500 | ||
|---|---|---|---|
| 003 | GCL | ||
| 008 | 140319s9999 xx 000 0 ara d | ||
| 040 |
_aGCL / _cGCL |
||
| 082 | 0 | 4 |
_a296 _bا د |
| 100 | 1 | _aاسرائيل شاماك | |
| 245 | 1 | 0 |
_aالديانه اليهودية وموقفها من غير اليهود / _cاسرائيل شاماك |
| 300 | _a178 ص | ||
| 490 |
_a100 قصة _v0 |
||
| 650 | 0 | 4 | _aاليهودية |
| 650 | 0 | 4 | _aالصهيونية |
| 650 | 0 | 4 | _aالدعاية الصهيونية |
| 942 |
_2ddc _cBK |
||
| 999 |
_c44253 _d44253 |
||